000 01776nam0a2200337 4500
001 RU\NLR\bibl\1710406
005 20260406131502.0
010 _a978-5-93634-044-4
_9499
021 _aRU
_b2010-87695
_95882
035 _a(NLR Aleph) 001701440
090 _a1222931
_c1222931
100 _a20101208d2010 |||y0rusy50 ca
101 0 _arus
102 _aRU
105 _aa |||||||||
200 1 _aБорис Павлович Константинов
_e(к 100-летию со дня рождения)
_e[сборник материалов]
_fРос. акад. наук, Физ.-техн. ин-т им. А.Ф. Иоффе
_g[сост.: д.ф.-м.н. М.П. Петров, Е.А. Ефремова
_gотв. ред.: В.Г. Григорьянц]
210 _aСанкт-Петербург
_cФизико-технический институт
_d2010
215 _a124 с.
_cил., портр.
_d20
225 1 _aИз истории ФТИ им. А.Ф. Иоффе
_vвып. 4.
320 _aБиблиогр. в подстроч. примеч.
600 1 _aКонстантинов
_bБ.П.
_f1910 - 1969
_gБорис Павлович
_91427995
_3RU\NLR\auth\66603301
686 _aВ3д(2)Константинов
702 1 _4220
_8rus
_7ca
_aПетров
_bМ. П.
_cд-р физ.-мат. наук
_gМихаил Петрович
_3RU\NLR\auth\77108659
_991584
702 1 _aГригорьянц
_bВ. Г.
_4340
702 1 _aКонстантинов
_bБ. П.
_c1910-1969
_gБорис Павлович
_4570
712 0 2 _4570
_aФизико-технический институт им. А. Ф. Иоффе
_cСанкт-Петербург
_3RU\NLR\AUTH\8822057
_9318325
801 0 _aRU
_bNLR
_c20101208
_gRCR
801 1 _aRU
_bNLR
_c20101208
942 _cBOOK
980 _aNB